Oil, gas, coal & electricity quarterly statistics
Guardado en:
| Autor Corporativo: | |
|---|---|
| Formato: | Libro |
| Lenguaje: | inglés francés |
| Publicado: |
Paris
OECD
1999
|
| Colección: | IEA statistics
|
| Materias: | |
| Etiquetas: |
Sin Etiquetas, Sea el primero en etiquetar este registro!
|
MARC
| LEADER | 00000nam a2200000 4500 | ||
|---|---|---|---|
| 001 | c119948 | ||
| 005 | 20221108122001.6 | ||
| 020 | |a 92-64-05810-9 | ||
| 022 | |a 1025-9988 | ||
| 041 | 0 | |a eng | |
| 041 | 0 | |a fre | |
| 044 | |a FR | ||
| 245 | 1 | 0 | |a Oil, gas, coal & electricity |b quarterly statistics |
| 264 | 1 | |a Paris |b OECD |c 1999 | |
| 300 | |a 520 s. | ||
| 490 | 1 | |a IEA statistics | |
| 830 | 0 | |a IEA statistics | |
| 500 | |a Titul je od Vol. 2002 spracovaný v BD Seriály. | ||
| 610 | 2 | 0 | |a nafta |
| 610 | 2 | 0 | |a plyn |
| 610 | 2 | 0 | |a elektrina |
| 610 | 2 | 0 | |a údaje štatistické |
| 610 | 2 | 0 | |a porovnanie štatistické medzinárodné |
| 610 | 2 | 0 | |a svet |
| 610 | 2 | 0 | |a OECD |
| 710 | 2 | |a OECD. International Energy Agency | |